000 002920000a22000970004500
100 1 _aFrolov, Serge
245 1 0 _aReturning the ticket : God and his prophet in the book of Jonah
300 _aNúm 86 (1999), Páginas 85-105
773 0 _tJournal for the Study of the Old Testament
942 _cANA
999 _c54750
_d54750